000 00309nam a2200133 4500
008 181031b xxu||||| |||| 00| 0 eng d
020 _a9781416037620
041 _aeng
080 _26th
_a610.73
100 _a2
101 _aINF
245 _aMedical-Surgical Nursing
_cIgnatavicius,D,.D
942 _2ddc
_cBK
999 _c51319
_d51319